| 000 | 00405nam a2200157Ia 4500 | ||
|---|---|---|---|
| 008 | 220204s9999 xx 000 0 und d | ||
| 020 | _a9.78075E+12 | ||
| 082 |
_a504.38 _bALG |
||
| 100 | _aAl, Gore | ||
| 245 | 0 | _aHow we can solve the climate crisis | |
| 260 |
_aLondon _bBloomstury Publishing _c2009 |
||
| 650 | _aClimate change | ||
| 650 | _aClimate crisis | ||
| 650 | _aGlobal warming | ||
| 942 | _cBK | ||
| 999 |
_c43013 _d43013 |
||